02674 2200301 4500001002100000005001500021035002000036007000300056008004100059020001800100082001700118084002300135100003000158245005400188250000600242300005800248650002700306505023500333505160100568651002202169264004302191336002102234337003002255338002302285502002402308504002902332990001102361INLIS00000000002381720260422102258 a0010-0426000014ta260422 g 0 ind  a9786237400158 aR.959.848 03 aR.959.848 03 KUS e0 aKusnadi WasrieePengarang1 aEnsiklopedia Indonesia Provinsi Sulawesi Tenggara aI aviii + 168 halaman :bIlustrasi [warna] ;c21 x 29 cm 4aEnsiklopedia Indonesia a1. Provil Provinsi 2. Letak Astronomis dan Geografis 3. Iklim 4. Data Fisik dan Keadaan Alam 5. Data Fisik dan Keadaan Alam 6. Sejarah 7. Pahlawan 8. Pembagian Wilayah Administratif 9. Penduduk 10. Seni dan Budaya aIndonesia merupakan negara yang kaya, dilihat dari sosial budayanya (suku bangsa, bahasa daerah, adat istiadat, dan lainnya) maupun dilihat dari sumber daya alam yang dimilikinya (panorama alam yang indah, hutan satwa, barang tambang, dan lainnya). Sebagai bagian dari bangsa Indonesia, sudah sepatutnya kita mensyukuri kekayaan alam dan sosial budaya yang dimiliki oleh negara kita tercinta Indonesia. Namun, masih banyak dari kita yang belum tahu bagaimana dan apa saja kekayaan alam serta sosial budaya dimiliki Indonesia. Buku Ensiklopedia Indonesia ini disusun sesuai dengan jumlah provinsi yang ada di Indonesia saat ini, yaitu 34 provinsi. Di mana pada setiap provinsi berisikan uraian dan keterangan serta gambar yang memuat segala hal yang berkaitan atau berhubungan dengan nama ibu kota provinsi, dasar hukum terbentuknya provinsi, luas wilayah, batas wilayah, jumlah penduduk, agama yang ada, mata pencaharian penduduk, sumber daya alam yang dimiliki, sosial budaya seperti nama dan bentuk rumah adat, busana atau pakaian tradisional, senjata tradisional, kesenian, dan budaya tradisional. Buku Ensiklopedia Indonesia ini memberikan gambaran dan wawasan kepada pembaca untuk lebih tahu dan mengenal kekayaan bangsa Indonesia yang perlu dilestarikan karena merupakan warisan leluhur. Pada edisi kali ini, buku ini akan membahas secara detail mengenai provinsi Sulawesi Tengah dan kekayaan budaya yang ada di dalamnya. Buku ini tentunya bermanfaat bagi kita semua dan semakin menambah wawasan serta pengetahuan kita terhadap negara Indonesia sehingga kita semakin mencintai negara ini. 4aSulawesi Tenggara aYogyakarta :bPUSTAKA REFERENSI,c2023 2rdacontentaTeks 2rdamediaaTanpa Perantara 2rdacarrieraLembar aIndeks: 161 halaman aBibliografi: 165 halaman a078264